000 01314nam a2200253 i 4500
003 DO-SdBNP
005 20230828094514.0
007 ta
008 110413s1995 dr o 000 0 spa d
040 _aDO-SdBNP
_bspa
_cBNPHU
_erda
082 _a610.97293
_bJ61b
_222
100 _aJiménez Olavarrieta, José de Js
_954090
245 1 0 _aBreves datos históricos sobre la medicina en Santiago en el siglo XX /
_cJosé de Js. Jiménez Olavarrieta
264 1 _aSantiago, República Dominicana :
_b[editor no identificado],
_c1995.
300 _a43 páginas
_bfotografías
_c22 cm.
336 _2rdacontent
_atexto
_btxt
337 _2rdamedia
_asin mediación
_bn
338 _2rdacarrier
_avolumen
_bnc
505 0 _tAlgunos datos históricos sobre el antiguo hospital San Rafael de Santiago --
_tNacimiento de la Asociación Médica de Santiago --
_tDatos históricos sobre el primer hospital José María Cabral Báez de Santiago --
_tDatos históricos sobre el nuevo hospital regional universitario José María Cabral y Báez de Santiago --
_tResumen histórico sobre la cardiología y la cirugía cardiovascular en Santiago --
_tSociedad Dominicana de Medicina Interna Regional Norte /
590 _aInventariado, 2023/ YL
650 4 _aMedicina
_xHistoria
_918676
910 _aYLockward
942 _2ddc
_cLF2
999 _c54552
_d54552